LIBRARY ONLINE CATALOGUE

Judges / (Record no. 21748)

MARC details
000 -LEADER
fixed length control field 01415cam a2200397 i 4500
001 - CONTROL NUMBER
control field 1717175
003 - CONTROL NUMBER IDENTIFIER
control field OSt
005 - DATE AND TIME OF LATEST TRANSACTION
control field 20260702100558.0
008 - FIXED-LENGTH DATA ELEMENTS--GENERAL INFORMATION
fixed length control field 750108s1975 nyuaf b 001 0 eng
010 ## - LIBRARY OF CONGRESS CONTROL NUMBER
LC control number 72096229
020 ## - INTERNATIONAL STANDARD BOOK NUMBER
International Standard Book Number 038501029X :
Terms of availability $8.00
035 ## - SYSTEM CONTROL NUMBER
System control number 1717175
035 ## - SYSTEM CONTROL NUMBER
System control number (DLC) 72096229
040 ## - CATALOGING SOURCE
Original cataloging agency DLC
Transcribing agency DLC
Modifying agency DLC
-- OCoLC
-- DLC
041 1# - LANGUAGE CODE
Language code of text/sound track or separate title eng
-- heb
050 00 - LIBRARY OF CONGRESS CALL NUMBER
Classification number BS192.2.A1 1964
Item number .G3 vol. 6A
Classification number BS1305.3
082 00 - DEWEY DECIMAL CLASSIFICATION NUMBER
Classification number 220.6/6 s
-- 222/.32/077
130 0# - MAIN ENTRY--UNIFORM TITLE
Uniform title Bible.
Name of part/section of a work Judges.
Language of a work English.
Version Boling.
Date of a work 1975.
245 10 - TITLE STATEMENT
Title Judges /
Statement of responsibility, etc. introd., translation, and commentary by Robert G. Boling.
250 ## - EDITION STATEMENT
Edition statement 1st ed.
260 ## - PUBLICATION, DISTRIBUTION, ETC. (IMPRINT)
Place of publication, distribution, etc. Garden City, N.Y. :
Name of publisher, distributor, etc. Doubleday,
Date of publication, distribution, etc. [1975]
300 ## - PHYSICAL DESCRIPTION
Extent xxi, 338 p., [6] leaves of plates :
Other physical details ill. ;
Dimensions 24 cm.
336 ## - CONTENT TYPE
Content type term text
Content type code txt
Source rdacontent
337 ## - MEDIA TYPE
Media type term unmediated
Media type code n
Source rdamedia
338 ## - CARRIER TYPE
Carrier type term volume
Carrier type code nc
Source rdacarrier
490 1# - SERIES STATEMENT
Series statement The Anchor Bible ;
Volume/sequential designation 6A
504 ## - BIBLIOGRAPHY, ETC. NOTE
Bibliography, etc Includes bibliographical references and indexes.
583 ## - ACTION NOTE
Action Cataloguing:
Time/date of action 20260702
Action agent gtanuigtanui
630 00 - SUBJECT ADDED ENTRY--UNIFORM TITLE
Uniform title Bible.
Name of part/section of a work Judges
General subdivision Commentaries.
700 1# - ADDED ENTRY--PERSONAL NAME
Personal name Boling, Robert G.,
Relator term ed.
830 #0 - SERIES ADDED ENTRY--UNIFORM TITLE
Uniform title Bible.
Language of a work English.
Version Anchor Bible.
Date of a work 1964 ;
Volume number/sequential designation v. 6A.
856 42 - ELECTRONIC LOCATION AND ACCESS
Materials specified Publisher description
Uniform Resource Identifier <a href="http://www.loc.gov/catdir/description/random0413/72096229.html">http://www.loc.gov/catdir/description/random0413/72096229.html</a>
906 ## - LOCAL DATA ELEMENT F, LDF (RLIN)
a 7
b cbc
c orignew
d 2
e opcn
f 19
g y-gencatlg
942 ## - ADDED ENTRY ELEMENTS (KOHA)
Source of classification or shelving scheme Library of Congress Classification
Koha item type General Collection
Holdings
Withdrawn status Lost status Source of classification or shelving scheme Not for loan Home library Current library Shelving location Date acquired Source of acquisition Inventory number Total Checkouts Full call number Barcode Date last seen Copy number Price effective from Koha item type
    Library of Congress Classification   Kabarak, Main Campus Kabarak, Main Campus General Stacks 02/07/2026 Donation 2026/4295   BS192.2.A1 1964 C.1 38067 02/07/2026 C.1 02/07/2026 General Collection